Baba kharak Singh and India's struggle for freedom / (Record no. 64335)

MARC details
000 -LEADER
fixed length control field 01566nam a22002777a 4500
005 - DATE AND TIME OF LATEST TRANSACTION
control field 2012032301581.0
010 ## - LCCN (DPL NO)
LC control number B-447220-224
020 ## - INTERNATIONAL STANDARD BOOK NUMBER
International Standard Book Number 9788123745985
Terms of availability 40.00
035 ## - SYSTEM CONTROL NUMBER
System control number B-447220-224
037 ## - SOURCE OF ACQUISITION
Stock number dpl
Source of stock number/acquisition K.K.Pub/Ven
082 ## - DEWEY DECIMAL CLASSIFICATION NUMBER
Classification number 921
100 ## - MAIN ENTRY--PERSONAL NAME
Personal name Mohinder Singh
245 ## - TITLE STATEMENT
Title Baba kharak Singh and India's struggle for freedom /
Statement of responsibility, etc by Mohinder Singh
260 ## - PUBLICATION, DISTRIBUTION, ETC. (IMPRINT)
Place of publication, distribution, etc New Delhi
Name of publisher, distributor, etc National Book Trust
Date of publication, distribution, etc 2005
270 ## - ADDRESS
Address A-5 Green Park,
City New Delhi
Postal code 110016
300 ## - PHYSICAL DESCRIPTION
Extent 88p.
Other physical details ill
Dimensions 22cm(pbk)
490 ## - SERIES STATEMENT
Series statement National biography
-- 44616
500 ## - GENERAL NOTE
General note Includes Index and biblographical references
942 ## - ADDED ENTRY ELEMENTS (KOHA)
Source of classification or shelving scheme Dewey Decimal Classification
Item type English Books
Call number suffix MOH
Classification part 921
Holdings
Withdrawn status Lost status Not for loan Collection code Home library Current library Date acquired Source of acquisition Cost, normal purchase price Full call number Barcode Copy number Cost, replacement price Koha item type
      Non-fiction Central Library Central Library 02/04/2012 K.K.Pub/1318/23.09.2011/03/23.09.2011/09.11.2011 40.00 921 MOH B-447220 1 40.00 English Books
      Non-fiction Karol Bagh Karol Bagh 02/04/2012 K.K.Pub/1318/23.09.2011/03/23.09.2011/09.11.2011 40.00 921 MOH B-447223 1 40.00 English Books
      Non-fiction Patel Nagar Patel Nagar 02/04/2012 K.K.Pub/1318/23.09.2011/03/23.09.2011/09.11.2011 40.00 921 MOH B-447221 1 40.00 English Books
      Non-fiction Sarojini Nagar Sarojini Nagar 02/04/2012 K.K.Pub/1318/23.09.2011/03/23.09.2011/09.11.2011 40.00 921 MOH B-447222 1 40.00 English Books
      Non-fiction Shahdara Branch Shahdara Branch 02/04/2012 K.K.Pub/1318/23.09.2011/03/23.09.2011/09.11.2011 40.00 921 MOH B-447224 1 40.00 English Books

© Delhi Public Library
Hit Counter
free hit counter